Le mois de décembre - Statistiques

Statistiques générales
  • Ce quiz a été pris 24 fois
  • Le résultat moyen est 9 sur 16
Statistiques - réponses
Questions Réponses % Correct
Divin Enfant qui est né le 25 décembre selon la tradition. Jésus Christ
96%
Fête célébrée le 25 décembre. Noël
96%
Saint originaire de Myre qui participa au concile de Nicée. Il est le saint patron des écoliers et est célébré le 6 décembre. En Belgique, au Pays-Bas, ainsi que dans certaines régions du nord de la France, certains lands d'Allemagne, en Suisse et en Autriche, sa fête est très populaire. Saint Nicolas
83%
Repas de fête de la soirée du 24 décembre ou de la soirée du 31 décembre pour préparer les fêtes du lendemain. Le réveillon
78%
Période de jeûne (abstinence de viande et de gourmandise entre les repas) qui commence le 30 novembre et se termine le 24 décembre. L'Avent
74%
Frères de sang qui présentèrent pour la première fois au grand public à Paris, la projection de films au moyen de leur nouvelle invention, le cinématographe, en date du 28 décembre 1895. Auguste et Louis Lumière
70%
Événement astronomique qui se produit deux fois par an, lorsque la position apparente du soleil atteint sa plus grande inclinaison vers le nord ou vers le sud, par rapport à l'équateur céleste. Autour du 21 décembre, sa plus grande inclinaison est vers le sud. Le solstice
70%
Ville française où la fête précédente du 8 décembre se désacralise en "Fête des Lumières" (légumes psychédéliques et boîtes de harissa projetées sur un vieux bâtiment au son d'une rave party) Lyon
65%
33e Pape de l'histoire (entre 314 et 335) et saint célébré le 31 décembre. Saint Sylvestre Ier
65%
Personne qui fabrique et vend des sucreries. Ce métier est repris dans une expression courante pour faire référence au ralentissement de l'activité politique, sportive et économique entre le 25 décembre et le 1er janvier : la trêve des ________s. Un confiseur
52%
Locution anglaise, littéralement "Jour des boîtes", qui désigne une fête célébrée dans des pays anglophones comme le Royaume-Uni, l'Irlande ou le Canada, tous les 26 décembre, jour de la saint Étienne. La tradition demande de faire preuve de charité en distribuant des cadeaux aux plus démunis en ce jour mais il est aujourd'hui synonyme de consommation. Le Boxing Day
43%
Duc, chef de file de la Ligue catholique pendant les "Guerres de religions", né le 31 décembre 1550 et assassiné le 23 décembre 1588. Le duc Henri Ier de Guise
43%
Inventeur italien qui réalisa la première transmission radio transatlantique entre Signal Hill à Saint-Jean de Terre-Neuve (Canada) et Poldhu dans le sud du comté des Cornouailles, le 12 décembre 1901. Guglielmo Marconi
30%
Dogme mariale institué par Pie IX en date du 8 décembre 1854 et qui est célébré tous les 8 décembre, dogme qui veut que la sainte Vierge Marie est exempte du péché originel. L'Immaculée conception
30%
École de pensée d'extrême droite condamnée par l'Église représentée par le Pape Pie XI en date du 29 décembre 1926. L'Action française
13%
Station de sports d'hiver française où a lieu la première épreuve de Coupe du monde de descente de ski alpin, dite "Critérium de la Première Neige". En 2025, les épreuves masculines auront lieu les 13 et 14 décembre, les épreuves féminines, les 20 et 21 décembre. Val d'Isère
13%
Aucun quiz correspondant
Distribution des résultats
% des personnes avec chaque résultat
Percentile par nombre de réponses
Votre historique - résultats
Vous n’avez pas pris ce quiz